Sposoby polonizacji nazwisk pomorskich genetycznie niemieckich

Titel: Sposoby polonizacji nazwisk pomorskich genetycznie niemieckich / Zenon Lica
Verfasser:
In: Onomastica Slavogermanica, Band 26 (2007), Seite 131-146
alle Artikel anzeigen
Veröffentlicht: 2007
Format: Aufsatz
Sprache: Polnisch
Schlagworte:
Kein Bild verfügbar
X
alg: 20927201
001A    $04505:18-02-09 
001B    $03025:16-10-19 $t11:46:55.000 
001C    $04505:18-02-09 $t12:25:05.000 
001D    $04505:18-02-09 
001U    $0utf8 
001X    $00 
002@    $0Aou 
003@    $0209272015 
007A    $0209272015 $aHEB 
010@    $apol 
011@    $a2007 
021A    $aSposoby polonizacji nazwisk pomorskich genetycznie niemieckich $hZenon Lica 
028A    $7 $8Lica, Zenon [Tnd] $9277323738 
031A    $d26 $h131-146 $j2007 
039B    $aIn $8--Abvc--. Onomastica Slavogermanica. - Stuttgart ; Leipzig : Hirzel, 1965-. - ISSN 0474-1471 $x200700000260000869 $9047296038 
044K    $#Polonization $74286175-5 $8Polonisierung [Ts1] $9086548115 
044K    $#Onomastics $#Onomastique $#Onomastica $#Onomástica $#Namenforschung $#Namensforschung $#Onomastik $#Namenskunde $74075199-5 $8Namenkunde [Ts1] $9085212172 
044K    $RMecklenburg-Vorpommern $#Pommern $#Pommern $#Herzogtum Pommern $#Herzogthum Pommern $#Provinz Pommern $#Pomorze $74046744-2 $8Pommern [Tg1] $9085130354 
045T    $a7,11 $a7,39 
045T    $aLING $qDE-30 $2FID 
045T    $aGER $qDE-30 $2FID 
045W    $801.01.01.005.03.02$jOstpommerisch [Tkv] $9133104583 
045W    $801.07.10$jPolnisch [Tkv] $9133118894 
045W    $804.07.03$jFamiliennamen [Tkv] $9133073734 
045W    $804.07.33$jSlawische Namen [Tkv] $9133122786 
045W    $804.07.28$jNamenbuch [Tkv] $9133116379 

lok: 20927201 64

exp: 20927201 64 1 #EPN
201B/01 $018-02-09 $t12:25:05.000 
201C/01 $018-02-09 
201U/01 $0utf8 
203@/01 $0567548155 
208@/01 $a18-02-09 $be 
209A/01 $a0 $f000 $x00 
209B/01 $a34 $x05 
247C/01 $8Frankfurt, Bibliographie Linguistischer Literatur $9129368261 

lok: 20927201 78

exp: 20927201 78 1 #EPN
201B/01 $016-10-19 $t11:40:06.000 
201C/01 $016-10-19 
201U/01 $0utf8 
203@/01 $01064528732 
208@/01 $a16-10-19 $be 
209A/01 $a/ $f000 $x00 
209A/01 $ab*p $x01 
220C/01 $aeja 
244Z/01 $#Generalgouvernement Polen $#Polska $#Rzeczpospolita Polska $#Polska Rzeczpospolita Ludowa $#Poland $#Pologne $#République Polonaise $#Generalne Gubernatorstwo w Polsce $#Polish People's Republic $#Polska Rzeczpospolita Polen $#PRL $#RP $#Polen Generalgouvernement $#Polska Generalgouvernement $#Besetzte Polnische Gebiete $#Besetztes Gebiet in Polen $#Okupowane Polskie Obszary $#Obszary Okupowane w Polsce $#Volksrepublik Polen $#Polska Rosyjska $#Republic Polen $#Respublika Pol'ša $#Pol'skaja Narodnaja Respublika $#République de Pologne $#Polen Links der Weichsel $#Polska po Lewej Stronie Wisły $#Lenkija $#Polija $#Gubernija Carstva Pol'skago $#Republik Polen $74046496-9 $8--Tg1--Polen $x01 $9085129801 
244Z/01 $#Pommern $#Pommern $#Herzogtum Pommern $#Herzogthum Pommern $#Provinz Pommern $#Pomorze $74046744-2 $8--Tg1--Pommern $x06 $9085130354 
247C/01 $82080>Marburg/Lahn, Herder-Institut, Forschungsbibliothek, Bibliographieportal $9336309341
LEADER 00000caa a2200000 c 4500
001 209272015
003 DE-603
005 20191016114655.0
007 tu
008 090218s2007 xx |||| | u00||u|pol c
035 |a (DE-599)HEB209272015 
040 |a DE-603  |b ger  |c DE-603  |d DE-603 
041 |a pol 
084 |a 7,11  |a 7,39  |2 ssgn 
084 |a LING  |q DE-30  |2 fid 
084 |a GER  |q DE-30  |2 fid 
100 1 |a Lica, Zenon  |0 (DE-603)277323738 
245 0 0 |a Sposoby polonizacji nazwisk pomorskich genetycznie niemieckich  |c Zenon Lica 
264 0 |c 2007 
650 7 |a Polonisierung  |0 (DE-588)4286175-5  |0 (DE-603)086548115  |2 gnd 
650 7 |a Namenkunde  |0 (DE-588)4075199-5  |0 (DE-603)085212172  |2 gnd 
651 7 |a Pommern  |0 (DE-588)4046744-2  |0 (DE-603)085130354  |2 gnd 
773 0 8 |i In  |t Onomastica Slavogermanica  |d Stuttgart ; Leipzig : Hirzel, 1965-  |h 24 cm  |x 0474-1471  |g Band 26 (2007), Seite 131-146  |w (DE-603)047296038  |w (DE-600)207370-5 
924 0 |9 603  |a (DE-603)567548155  |b DE-603  |c HES  |d d 
924 0 |9 2080  |a (DE-603)1064528732  |b DE-2080  |c HES  |d d  |g /